Statistics for lyrics uptown girl -billy joel

Click here to take the quiz!

General Stats

  • This quiz has been taken 88 times
    (20 since last reset)
  • The average score is 185 of 283

Answer Stats

Answer% Correct
a
100%
girl
100%
i
100%
in
100%
she
100%
to
100%
up
100%
uptown
100%
been
93%
living
93%
world
93%
her
87%
she's
87%
an
73%
guy
73%
oh
73%
backstreet
67%
bet
67%
downtown
67%
know
67%
never
67%
why
67%
for
60%
had
60%
told
60%
what
60%
when
60%
am
53%
im
53%
i'm
53%
knows
53%
man
53%
that
53%
that's
53%
try
53%
and
47%
gonna
47%
got
47%
looking
47%
love
47%
momma
47%
see
47%
she'll
47%
wants
47%
white-bread
47%
win
47%
with
47%
you
47%
because
40%
blood
40%
boys
40%
can
40%
choice
40%
comes
40%
high-class
40%
hot
40%
just
40%
kind
40%
makes
40%
mind
40%
mine
40%
my
40%
not
40%
now
40%
of
40%
pearls
40%
so
40%
then
40%
time
40%
tough
40%
toys
40%
wakes
40%
afford
33%
all
33%
as
33%
but
33%
buy
33%
can't
33%
fine
33%
from
33%
getting
33%
i'll
33%
i've
33%
maybe
33%
presents
33%
say
33%
seen
33%
ship
33%
talking
33%
tired
33%
understand
33%
walking
33%
anyone
27%
long
27%
someday
27%
looks
7%

Score Distribution

Percentile by Number Answered

Percent of People with Each Score

Your Score History

You have not taken this quiz since the last reset